000 00584nam a2200181 i 4500
001 68775
003 ES-MaACL
005 20250827063211.0
007 t|
008 040708s1875 sp ||||1| spa d
100 1 _aGimeno, Amalio,
_d1850-1936
_957076
245 1 3 _aLa malaria
_b: apuntes y observaciones sobre las fiebres palúdicas... /
_cpor D. A. Gimeno y Cabañas.
260 _aMadrid :
_b[s.n.],
_c1875 (
_fImp. de F. García y D. Casaveva)
300 _a106 p. ;
_c20 cm.
650 4 _aMalaria.
_9136452
852 _aES-MaACL
_jT-621-F-4
999 _c68775
_d68775